01870nam a2200337 a 450000100100000000500170001000800410002702000150006804000250008308200240010810000420013224501080017426000480028230000210033050000690035150000630042059000260048360000530050965000580056265000460062065000430066665100540070965100530076391000380081695201370085495201370099195201370112895201220126595201280138799900170151500002243020260304085435.0101011s1998 dr 000 0 spa d z8489539715 aDO-SdBNPbspacBNPHU a324.97293054bC422c1 aCéspedes, Diógenes,d1941-92054810aContra la ideología racista en Santo Domingo :b(dos campañas por Peña) /cDiógenes Céspedes. aSanto Domingo :bEditora de Colores,c1998. a182 p. ;c22 cm. aIncluye referencias bibliográficas y notas al pie de páginas aIncluye datos biográficos del autor en la contracubierta aInventariado, 2018/BT10aPeña Gomez, Jose Francisco ,d1937-199892994 4aCampañas políticaszRepública Dominicana946237 4aEleccionesxRepública dominicana946238 4aRacismozRepública Dominicana946239 0aRepública DominicanaxPolítica y gobierno945 4aRepública DominicanaxRelaciones Raciales9432 aValidado. Control de calidad. MFF 001054708DSaGRbGRcHDd2010-10-11iLF1l0o324.97293054 C422cp22430-30r2020-06-25te. 3w2020-06-25yLFDSZPréstamo en sala 001054708DSaGRbGRcHDd2010-10-11iLF1l0o324.97293054 C422cp22430-40r2020-06-25te. 4w2020-06-25yLFDSZPréstamo en sala 001054708DSaGRbGRcHDd2010-10-11iLF1l0o324.97293054 C422cp22430-50r2020-06-25te. 5w2020-06-25yLFDSZPréstamo en sala 0010718PDaPDbPDcHDd2010-10-11iLF1l0o324.97293054 C422cp22430-10r2020-06-25w2020-06-25yLFPDZNo se presta 0010718PDaPDbPDcHDd2010-10-11iLF1l0o324.97293054 C422cp22430-20r2020-06-25te. 2w2020-06-25yLFPDZNo se presta c21928d21928